| 000 | 08728njm0a2200481 4500 | ||
|---|---|---|---|
| 001 | RU\NLR\ONIZ\292862 | ||
| 005 | 20250708193544.0 | ||
| 035 | _a(NLR Aleph) 012907893 | ||
| 071 | 0 | 0 | _aС60 289957-8 007 |
| 090 |
_a13284804 _c13284804 |
||
| 100 | _a20221008d1989 |||y0rusy50 ca | ||
| 102 | _aRU | ||
| 126 |
_aabbxexu ux _bxxx |
||
| 127 | _a000040 | ||
| 200 | 1 |
_aВот какая любовь. Песни Романа Майорова _bЗвукозапись |
|
| 203 |
_aМузыка _bисполнительская _cаудио |
||
| 210 |
_aМосква _cМелодия _d1989 _gЗавод грампластинок _eЛенинград |
||
| 215 |
_a1 грп. [ГОСТ 5289-88] (40 мин) : 33 об/мин, стерео _d30 см, в конв |
||
| 300 | _aЗаписи 1987-1988 г | ||
| 327 | 1 |
_a1. Вот такая любовь / [автор слов] : М. Рябинин ; исполняют : И. Уварова и Н. Караченцов ; _a2. Город / [автор слов] : Я. Гальперин ; исполняет : Ансамбль "Пламя" под руководством С. Березина ; _a3. Твой портрет / [автор слов] : Л. Волков ; исполняет : Ю. Охочинский ; _a4. Ква-ква / [автор слов] : М. Рябинин ; исполняет : Е. Петренко ; _a5. Колесо судьбы / [автор слов] : М. Рябинин ; исполняет : Н. Караченцов ; _a6. Чучело / [автор слов] : Я. Козловский ; исполняет : И. Уварова ; _a7. Это было в Крыму / [автор слов] : М. Рябинин ; исполняет : Ю. Охочинский ; _a8. Когда вам снится музыка / [автор слов] : М. Рябинин ; исполняет : Т. Орловская ; _a9. Жёлтый свет / [автор слов] : Н. Рубцов ; исполняет : Н. Караченцов ; _a10. Всего хорошего / [автор слов] : Я. Гальперин ; исполняет : Ансамбль "Пламя" под управлением С. Березина |
|
| 464 | 0 |
_12001#$aВот такая любовь$f[автор слов] : М. Рябинин$gисполняют : И. Уварова и Н. Караченцов _16061#$aПесни эстрадные для дуэта смешанного состава$yРоссия$z20 век$jЗвукозапись$2nlr_sh _16890#$aЩ942.19-041.5(2Р=Р) _1702#1$9z01790$aРябинин$bМ. И.$gМихаил Иосифович$cпоэт$f1931-1995$4520$7ca _1702#1$9z02790$aКараченцов$bН. П.$gНиколай Петрович$cактёр$f1944-2018$4005$7ca _1702#1$9z03790$aУварова$bИ. Б.$gИрина Борисовна$cпение$f1947-$4590$4vwo$7ca _1790#1$9z01702$aRjabinin$bM.$gMichail$f1931-1995$4520$7ba _1790#1$9z02702$aKaračencov$bN.$gNikolaj$cactor$f1944-2018$4005$7ba _1790#1$9z03702$aUvarova$bI.$gIrina$f1947-$4590$4vwo$7ba _tВот такая любовь |
|
| 464 | 0 |
_12001#$aГород$f[автор слов] : Я. Гальперин$gисполняет : Ансамбль "Пламя" под руководством С. Березина _16061#$aПесни эстрадные для ВИА советские и российские$z20 век$jЗвукозапись$2nlr_sh _16890#$aЩ952.18-041.5(2Р=Р) _1702#1$9z02790$aГальперин$bЯ. О.$gЯков Овсеевич$cпоэт$f1936-$4520$7ca _1702#1$9z03790$aБерезин$bС. В.$gСергей Владимирович$cрук. анс.$f1937-2019$4590$4vma$7ca _171202$a"Пламя", ВИА$4570$7ca _1790#1$9z02702$aGal`perin$bJ.$gJakov$f1936-$4520$7ba _1790#1$9z03702$aBerezin$bS.$gSergej$f1937-2019$4590$4vma$7ba _tГород |
|
| 464 | 0 |
_12001#$aТвой портрет$f[автор слов] : Л. Волков$gисполняет : Ю. Охочинский _1702#1$9z02790$aВолков$bЛ.$gЛеонид$cпоэт$4520$7ca _1702#1$9z03790$aОхочинский$bЮ. В.$gЮрий Владимирович$cпение$f1958-$4005$7ca _1790#1$9z02702$aVolkov$bL.$gLeonid$cpoet$4520$7ba _1790#1$9z03702$aOchočinskij$bJ.$gJurij$f1958-$4005$7ba _tТвой портрет |
|
| 464 | 0 |
_12001#$aКва-ква$f[автор слов] : М. Рябинин$gисполняет : Е. Петренко _1702#1$9z01790$aРябинин$bМ. И.$gМихаил Иосифович$cпоэт$f1931-1995$4520$7ca _1702#1$9z02790$aПетренко$bЕ.$gЕва$cпение$4590$4vwo$7ca _1790#1$9z01702$aRjabinin$bM.$gMichail$f1931-1995$4520$7ba _1790#1$9z02702$aPetrenko$bE.$gEva$4590$4vwo$7ba _tКва-ква |
|
| 464 | 0 |
_12001#$aКолесо судьбы$f[автор слов] : М. Рябинин$gисполняет : Н. Караченцов _1702#1$9z01790$aРябинин$bМ. И.$gМихаил Иосифович$cпоэт$f1931-1995$4520$7ca _1702#1$9z02790$aКараченцов$bН. П.$gНиколай Петрович$cактёр$f1944-2018$4005$7ca _1790#1$9z01702$aRjabinin$bM.$gMichail$f1931-1995$4520$7ba _1790#1$9z02702$aKaračencov$bN.$gNikolaj$cactor$f1944-2018$4005$7ba _tКолесо судьбы |
|
| 464 | 0 |
_12001#$aЧучело$f[автор слов] : Я. Козловский$gисполняет : И. Уварова _1702#1$9z01790$aКозловский$bЯ. А.$gЯков Абрамович$cпоэт, переводчик$f1921-2001$4520$7ca _1702#1$9z02790$aУварова$bИ. Б.$gИрина Борисовна$cпение$f1947-$4590$4vwo$7ca _1790#1$9z01702$aKozlovskij$bJ.$gJakov$f1921-2001$4520$7ba _1790#1$9z02702$aUvarova$bI.$gIrina$f1947-$4590$4vwo$7ba _tЧучело |
|
| 464 | 0 |
_12001#$aЭто было в Крыму$f[автор слов] : М. Рябинин$gисполняет : Ю. Охочинский _1702#1$9z01790$aРябинин$bМ. И.$gМихаил Иосифович$cпоэт$f1931-1995$4520$7ca _1702#1$9z02790$aОхочинский$bЮ. В.$gЮрий Владимирович$cпение$f1958-$4590$4vma$7ca _1790#1$9z01702$aRjabinin$bM.$gMichail$f1931-1995$4520$7ba _1790#1$9z02702$aOchočinskij$bJ.$gJurij$f1958-$4590$4vma$7ba _tЭто было в Крыму |
|
| 464 | 0 |
_12001#$aКогда вам снится музыка$f[автор слов] : М. Рябинин$gисполняет : Т. Орловская _1702#1$9z02790$aРябинин$bМ. И.$gМихаил Иосифович$cпоэт$f1931-1995$4520$7ca _1702#1$9z03790$aОрловская$bТ.$gТатьяна$cпение$4590$4vwo$7ca _1790#1$9z02702$aRjabinin$bM.$gMichail$f1931-1995$4520$7ba _1790#1$9z03702$aOrlovskaja$bT.$gTat`jana$4590$4vwo$7ba _tКогда вам снится музыка |
|
| 464 | 0 |
_12001#$aЖёлтый свет$f[автор слов] : Н. Рубцов$gисполняет : Н. Караченцов _1702#1$6z02790$aРубцов$bН. М.$cпоэт$f1936-1971$gНиколай Михайлович$3RU\NLR\AUTH\7717450$4520$7ca _1702#1$9z03790$aКараченцов$bН. П.$gНиколай Петрович$cактёр$f1944-2018$4005$7ca _1790#1$6z02702$aRubcov$bN. М.$cпоэт$f1936-1971$gNikolaj Michajlovič$3RU\NLR\AUTH\770267923$4520$7ba _1790#1$9z03702$aKaračencov$bN.$gNikolaj$cactor$f1944-2018$4005$7ba _tЖёлтый свет |
|
| 464 | 0 |
_12001#$aВсего хорошего$f[автор слов] : Я. Гальперин$gисполняет : Ансамбль "Пламя" под управлением С. Березина _16061#$aПесни эстрадные для ВИА советские и российские$z20 век$jЗвукозапись$2nlr_sh _16890#$aЩ952.18-041.5(2Р=Р) _1702#1$9z01790$aГальперин$bЯ. О.$gЯков Овсеевич$cпоэт$f1936-$4520$7ca _1702#1$9z02790$aБерезин$bС. В.$gСергей Владимирович$cрук. анс.$f1937-2019$4590$7ca _171202$a"Пламя", ВИА$4570$7ca _1790#1$9z01702$aGal`perin$bJ.$gJakov$f1936-$4520$7ba _1790#1$9z02702$aBerezin$bS.$gSergej$f1937-2019$4590$7ba _tВсего хорошего |
|
| 606 | 1 |
_aПесни эстрадные для голоса советские российские 20 век _jЗвукозапись _2nlr_sh |
|
| 606 | 1 |
_aПевцы эстрадные советские и российские _z20-21 вв. _jЗвукозапись _2nlr_sh |
|
| 686 | 0 | _aЩ943.4-041.5я44(2Р=Р) | |
| 700 | 1 |
_9z01790 _aМайоров _bР. М. _cкомпозитор _f1933-2003 _gРоман Майорович _4230 _7ca |
|
| 790 | 1 |
_9z01700 _aMajorov _bR. _ccomposer _f1933-2003 _gRoman _4230 _7ba |
|
| 801 | 0 |
_aRU _bNLR _c20221008 _gPSBO |
|
| 801 | 1 |
_aRU _bNLR _c20221008 _2rusmarc |
|
| 801 | 2 |
_aRU _bNLR _c20221010 |
|
| 852 |
_aNLR _bМг _j3/8217 _p35800 _t1 |
||
| 942 | _cREC | ||
| 980 | _aNB | ||
| 980 | _aONIZ | ||